000 00917nam a2200301 a 4500
001 000012671
003 DO-SdBPM
005 20250627085808.0
007 ta
008 091116s1977 dr 000 0 spa d
040 _aDO-SdBPM
_bspa
_cBPMSU
_drda
082 4 _a RD863.44
_bM671g 1977
_222
100 1 _aMir, Pedro,
_d1913-2000
_eautor
100 z _aMir Valentine, Pedro Julio
100 z _aValentine, Pedro Julio Mir
245 1 3 _aLa gran hazaña de Limber y después otoño /
_cPedro Mir.
264 _aSanto Domingo, :
_bEdiciones Sargazo,
_c1977.
300 _a151 págians
_c22 cm.
336 _atexto
_btxt
_2rdacontent
337 _asin mediación
_bn
_2rdamedia
338 _avolumen
_bnc
_2rdacarrier
590 _aInventariado, 2025/VM
650 7 _aCuentos dominicanos
650 7 _a Literatura dominicana
650 7 _aLeyendas
910 _aVMateo V. Control de calidad. BPMSU
942 _2ddc
_cBK
999 _c15234
_d15234